000 00284nam a2200109Ia 4500
008 180116s9999 xx 000 0 und d
020 _a9789814371469
245 _cMary Louise Turgeon
_aImmunology & Serology
250 _a5th ed
260 _bElsevier Ltd.
_c2014
300 _a566 pages
999 _c353281
_d353281